00774cam a22002055a 450000500170000000800410001701000140005802000260007203500130009803700130011104000130012410000280013724501400016526000500030527000580035530000290041352000260044261000470046865100530051520091103014612.0090911s2009 ii ab b 100 0 eng d aENG-95382 a9788131306017c600.00 aEN-78915 aDBAD/PUB aDPLbeng aReddy, G. Rama Chandhra aPlain Speaking on Demecratic Reforms, Politics of Social Justice, Police encounters, Challenges of Terrorismcby G. Rama Chandhra Reddy aNew Delhi :bAPH Publishing Corporationc2009 a4435-36/7. Ansari road, Darya GanjbNew Delhie110002 a xx, 212p.c22 cm. (Hb) aContributed articles. aCollege of Fort St. George (Madras, India) aMadras (India)xIntellectual lifey19th century.